000 00501nam a2200169Ia 4500
003 GCL
008 140319s9999 xx 000 0 ara d
040 _aGCL /
_cGCL
082 0 4 _a133.4
_bم م
100 1 _aمصطفى الديوانى
245 1 0 _aفى محيط الروح /
_cمصطفى الديوانى
260 _a[S.N] :
_bدار الشعب للطباعة والنشر ،
_c1984
300 _a143 ص
490 _aمطبوعات الشعب
_v0
650 0 4 _aالبحوث
942 _2ddc
_cBK
999 _c53073
_d53073